000
00355nam a2200157Ia 4500
005
20250425160807.0
008
250425s9999 xx 000 0 und d
041
_a
spa
082
_a
621.9
245
0
_a
ALREDEDOR DE LAS MAQUINAS-HERRAMIENTAS
250
_a
S.E.
260
_a
S.L.
260
_a
Sin Pais
_b
REVE
_c
1975
942
_c
01
010
_a
5363
999
_c
196262
_d
196262